| 000 | 00921nam a22001937a 4500 | ||
|---|---|---|---|
| 003 | OSt | ||
| 005 | 20260223012847.0 | ||
| 008 | 260223b |||||||| |||| 00| 0 eng d | ||
| 040 |
_aDWCL GS library _cOC |
||
| 082 | _aFic. D548g 2005 | ||
| 100 | _aDickens, Charles | ||
| 245 |
_agraded readers _b: great expectations _cCharles Dickens |
||
| 260 |
_aUnited Kingdom _bNew Dawn press _cc2005 |
||
| 300 |
_a192 _billustrations _c22cm |
||
| 520 | _aGreat Expectations by Charles Dickens is a bildungsroman following Pip, an orphan who rises from humble beginnings to become a wealthy gentleman, only to discover his fortune comes from an escaped convict, Abel Magwitch. Pip learns that true worth lies in character, not social status, ultimately finding redemption and love with Estella. | ||
| 546 | _aEnglish | ||
| 700 | _aCharles Dicken | ||
| 942 |
_2ddc _cTEST _hFic. D548g 2005 _n0 |
||
| 999 |
_c8484 _d8484 |
||